| 000 -LEADER |
| fixed length control field |
01499nam a22001577a 4500 |
| 008 - FIXED-LENGTH DATA ELEMENTS--GENERAL INFORMATION |
| fixed length control field |
230127b ||||| |||| 00| 0 eng d |
| 100 ## - MAIN ENTRY--PERSONAL NAME |
| Personal name |
Bhushan, Vani |
| 245 ## - TITLE STATEMENT |
| Title |
Effects of divorce on children: A review of socio-economic, legal and policy aspects |
| 260 ## - PUBLICATION, DISTRIBUTION, ETC. (IMPRINT) |
| Place of publication, distribution, etc |
Bihar Journal of Public Administration |
| 300 ## - PHYSICAL DESCRIPTION |
| Extent |
19(1), Jan-Jun, 2022: p.189-198 |
| 520 ## - SUMMARY, ETC. |
| Summary, etc |
The phenomenon of divorce has adverse impact of society and family in which the children are the worst sufferers. They are victims of parental conflict, financial instability and economic hardship, deficits in parenting time and attention, and the loss of a relationship with the non residential parent. Although state has no definite policy for the protection of the rights and interests of the children of divorced couple, yet there are laws that come to their rescue. As such the purpose of the present study is to investigate the causes of divorce and its negatives impacts on the children of the divorcees. It further intends to examine the legal provisions available for protection of the interest of such children. This analysis suggests that strategies that seek to mitigate the harmful effects of divorce on children should focus on making of appropriate public policies for ensuring them with state protection. – Reproduced |
| 650 ## - SUBJECT ADDED ENTRY--TOPICAL TERM |
| Topical term or geographic name as entry element |
Divorce, Children, Adverse impacts, Public policy, Family laws, India. |
| 9 (RLIN) |
35099 |
| 773 ## - HOST ITEM ENTRY |
| Main entry heading |
Bihar Journal of Public Administration |
| 906 ## - LOCAL DATA ELEMENT F, LDF (RLIN) |
| Subject DIP |
DIVORCE |
| 942 ## - ADDED ENTRY ELEMENTS (KOHA) |
| Item type |
Articles |